000 00805nam a2200217 a 4500
001 BRCA_2679
005 20190320203924.0
008 021208s1941----sp-a---###---#000-0#spa-u
050 4 _aPQ6338
_b.V56 1941
100 1 _aVindel, Francisco
_97597
245 1 0 _aLas treinta casualidades que hacen sea Alonso de Ledesma el autor del Falso Quijote
_cFrancisco Vindel.
260 _aMadrid
_bFrancisco Vindel
_c1941
300 _a19 p.
_bil.
_c19 cm.
500 _aEjemplar numerado 92 de 160.
500 _aSe han impreso ciento sesenta ejemplares en papel, registros numerados del 1 al 160 ejemplar nĂºmero 92 en biblioteca.
500 _aAA40
600 1 4 _aCervantes Saavedra, Miguel de.
_tDon Quijote- 1547-1616
_97598
600 1 4 _aLedesma, Alonso de
_d1562-1623
_97599
902 _aGFM
942 _2lcc
_cB
999 _c2419
_d2419